Výrazný posun vpred

Sťahovanie firiem do iných členských štátov EÚ. Legislatívny návrh. Dôvody Európskej komisie pre pripravovaný krok. Prehľad celkového zdanenia príjmov a odvodov krajín EÚ. Nová legislatíva o sťahovaní ústredí firiem - začiatok rozsiahlej reformy.

Salvato in:
Dettagli Bibliografici
Autore principale: Sotník, Alexander
Natura: Capitolo di libro
Lingua:slovacco
Soggetti:
Tags: Aggiungi Tag
Nessun Tag, puoi essere il primo ad aggiungerne!!

MARC

LEADER 00000naa$a2200000$$$4500
001 0007546
005 20230926070330.0
041 0 |a slo 
044 |a SK 
245 1 0 |a Výrazný posun vpred  |c aut. Alexander Sotník 
520 |a Sťahovanie firiem do iných členských štátov EÚ. Legislatívny návrh. Dôvody Európskej komisie pre pripravovaný krok. Prehľad celkového zdanenia príjmov a odvodov krajín EÚ. Nová legislatíva o sťahovaní ústredí firiem - začiatok rozsiahlej reformy. 
610 2 0 |a integrácia 
610 2 0 |a Európska únia 
610 2 0 |a optimalizácia daňová 
610 2 0 |a zvýhodnenie daňové 
610 2 0 |a dane z príjmov 
610 2 0 |a firmy 
610 2 0 |a politika podniková 
610 2 0 |a podnik 
100 1 |a Sotník, Alexander